MARC details
| 000 -CABECERA |
| campo de control de longitud fija |
01247nam a2200229 a 4500 |
| 001 - NÚMERO DE CONTROL |
| campo de control |
000016472 |
| 003 - IDENTIFICADOR DEL NÚMERO DE CONTROL |
| campo de control |
DO-SdBNP |
| 005 - FECHA Y HORA DE LA ÚLTIMA TRANSACCIÓN |
| campo de control |
20211203115916.0 |
| 008 - DATOS DE LONGITUD FIJA--INFORMACIÓN GENERAL |
| campo de control de longitud fija |
100305s1994 dr bd 000 0 spa d |
| 040 ## - FUENTE DE LA CATALOGACIÓN |
| Centro catalogador/agencia de origen |
DO-SdBNP |
| Lengua de catalogación |
spa |
| Centro/agencia transcriptor |
BNPHU |
| 049 ## - FONDOS LOCALES (OCLC) |
| Fondos de biblioteca |
BNPD |
| 082 #4 - NÚMERO DE LA CLASIFICACIÓN DECIMAL DEWEY |
| Número de clasificación |
307.76097293 |
| Número de documento/Ítem |
P699d |
| Número de edición |
22 |
| 245 00 - MENCIÓN DE TÍTULO |
| Título |
Plan director para el desarrollo urbano de la ciudad de Santo Domingo / |
| Mención de responsabilidad, etc. |
presentación Rafael Corporán de los Santos ; prólogo Rafael Tomás Hernández. |
| 260 ## - PUBLICACIÓN, DISTRIBUCIÓN, ETC. |
| Lugar de publicación, distribución, etc. |
Santo Domingo : |
| Nombre del editor, distribuidor, etc. |
Ayuntamiento Distrito Nacional, |
| Fecha de publicación, distribución, etc. |
1994. |
| 300 ## - DESCRIPCIÓN FÍSICA |
| Extensión |
241 p. : |
| Otras características físicas |
map., diagr. ; |
| Dimensiones |
28 cm. |
| 505 2# - NOTA DE CONTENIDO CON FORMATO |
| Nota de contenido con formato |
La descentralización administrativa --La geografía urbana y la normalización del uso del suelo -- El cinturon verde -- El transporte terrestre en la ciudad de Santo Domingo -- Saneamiento de las aguas superficiales -- Distribución urbana de alimentos -- Desechos solidos y sistema de facturación y cobro -- Sistema de inspección de las construcciones. |
| 650 #4 - PUNTO DE ACCESO ADICIONAL DE MATERIA--TÉRMINO DE MATERIA |
| Término de materia o nombre geográfico como elemento de entrada |
Desarrollo urbano |
| Subdivisión geográfica |
Santo Domingo (República Dominicana) |
| 9 (RLIN) |
36682 |
| 651 #4 - PUNTO DE ACCESO ADICIONAL DE MATERIA--NOMBRE GEOGRÁFICO |
| Nombre geográfico |
Santo Domingo (República Dominicana) |
| Subdivisión general |
Condiciones economicas |
| 9 (RLIN) |
7891 |
| 700 1# - PUNTO DE ACCESO ADICIONAL--NOMBRE DE PERSONA |
| Nombre de persona |
Corporán Santos, Rafael de los |
| 9 (RLIN) |
36683 |
| 700 1# - PUNTO DE ACCESO ADICIONAL--NOMBRE DE PERSONA |
| Nombre de persona |
Hernández, Rafael Tomás, |
| Término indicativo de función/relación |
pról. |
| 9 (RLIN) |
36684 |
| 942 ## - ELEMENTOS DE PUNTO DE ACCESO ADICIONAL (KOHA) |
| Fuente del sistema de clasificación o colocación |
Dewey Decimal Classification |
| Tipo de ítem Koha |
Libro |